Statistics for Destiny the Game - Deep Stone Crypt

Click here to take the quiz!

General Stats

  • This quiz has been taken 210 times
  • The average score is 12 of 17

Answer Stats

QuestionAnswer% Correct
ShotgunHeritage
93%
Buff used to shoot panelsOperator
89%
Final bossTaniks, the Abomination
87%
Scout RifleTrustee
87%
Buff used to see panels to be shotScanner
86%
Rocket LauncherEyes of Tomorrow
85%
Buff used to "stun" final bossSuppressor
84%
Hand CannonPosterity
79%
Sniper RifleSuccession
78%
Machine GunCommemoration
77%
SwordBequest
74%
First bossAtraks-1
71%
Armour (prefix)Legacy's Oath
43%
Ghost ShellNo Love Lost
40%
SparrowRetrocausality
35%
ShaderCryptic Insignia
34%
EmblemCrypt Reawakened
28%

Score Distribution

Percentile by Number Answered

Percent of People with Each Score

Your Score History

You have not taken this quiz